00452 2200181 4500001002100000005001700021006001900038008004100057020001800098035002500116041000700141082001100148090001700159100001300176245002500189260003200214300002400246INLIS00000000000287020140317131839.0a ||| | 180719| ||| | id  a979-518-885-2 a0010-031300000002870 aid0 a629.22 a629.22 DAR r0 adaryanto00aReparasi casis mobil aJakartabRineka Ciptac2007 axii, 178 hal, 21 cm